| 000 | 00962nam a2200253 a 4500 | ||
|---|---|---|---|
| 001 | 38724 | ||
| 003 | BD-RjUL | ||
| 005 | 20211209052840.0 | ||
| 008 | 160214s2010 bg ao||| b||| 00| 0 ben d | ||
| 020 | _a9840748831 | ||
| 035 | _a(BD-RjUL)38833 | ||
| 040 |
_aBD-RjUL _bben _cBD-RjUL _dBD-RjUL |
||
| 041 | _aben | ||
| 082 |
_223 _a777 _bAWC 2010 |
||
| 100 |
_aআউয়াল, সাজেদুল _9119465 |
||
| 245 |
_aচলচ্চিত্রকলা / _cড. সাজেদুল আউয়াল |
||
| 260 |
_aঢাকা : _bবাংলা একাডেমী, _c২০১০ |
||
| 300 |
_a১৩, ৩৩২, [৩২] পৃ. : _bচিত্র ; _c২১ সেমি |
||
| 500 | _aচিত্রাবলী সংযুক্ত । | ||
| 504 | _aগ্রন্থপঞ্জী সংযুক্ত । | ||
| 650 |
_aচলচ্চিত্র-শিল্প _9119466 |
||
| 650 |
_aCinematography. _9119467 |
||
| 942 |
_2ddc _cBK _02 |
||
| 999 |
_c38724 _d38724 |
||